Perspectiva corporum regularium
Uloženo v:
| Hlavní autor: | |
|---|---|
| Médium: | Kniha |
| Jazyk: | španělština |
| Vydáno: |
Madrid
Siruela
1993
|
| Edice: | La Biblioteca Sumergida, 5
|
| Témata: | |
| Tagy: |
Přidat tag
Žádné tagy, Buďte první, kdo vytvoří štítek k tomuto záznamu!
|
MARC
| LEADER | 00000nam a2200000 a 4500 | ||
|---|---|---|---|
| 001 | UCY2970 | ||
| 003 | CL-VaPUC | ||
| 008 | 941205e19930000SP |||||||||||||||||spa|d | ||
| 082 | 0 | 4 | |a 742 |b JAM |2 21 |
| 100 | |a Jamnitzer, Wentzel |e author |9 579239 | ||
| 245 | 1 | 0 | |a Perspectiva corporum regularium |
| 300 | |a 131 p | ||
| 942 | |c BK | ||
| 945 | |d 19941205 00:00:00 |a mfernand | ||
| 260 | |a Madrid |b Siruela |c 1993 | ||
| 650 | 0 | |a Perspectiva |9 265202 | |
| 583 | |a last modification |c 19941205 00:00:00 |k Rodrigo Vera | ||
| 490 | 0 | |a La Biblioteca Sumergida, 5 | |
| 999 | |c 231226 |d 231224 | ||
| 952 | |0 0 |1 0 |4 0 |6 742_000000000000000_JAM_1993 |7 0 |8 A |9 234228 |a BIBARQ |b BIBARQ |d 2019-11-15 |i 3036936 |l 1 |o 742 JAM 1993 |p 3036936 |r 2025-01-20 |s 2023-08-10 |w 2019-11-15 |y BK |k ARQ | ||